Rozpoznaj polskich sportowców po opisie - Statystyki

Ogólne statystyki
  • Ten quiz został rozwiązany 41 razy
  • Średni wynik to 9 z 20
Statystyki odpowiedzi
Opis Sportowiec % Poprawnych
Jedyny Polak, który startował w Formule 1 - wygrał jeden wyścig, a karierę przerwał mu poważny wypadek podczas rajdu Ronde di Andora. Robert Kubica
100%
Na Igrzyskach w Paryżu w 2024 roku zdobyła jedyny złoty medal dla Polski, przy okazji bijąc własny rekord świata we wspinaczce na czas. Aleksandra Mirosław
97%
Dwukrotny indywidualny Mistrz Świata w skokach narciarskich. Jednocześnie podczas całej kariery odniósł tylko dwa indywidualne zwycięstwa w zawodach Pucharu Świata. Piotr Żyła
97%
Jej trzy medale olimpijskie z Aten z 2004 roku są ostatnimi zdobytymi dla Polski w pływaniu. Otylia Jędrzejczak
90%
Sensacyjnie nie został powołany na Mistrzostwa Świata w 2014 roku, podczas których Polska zdobyła złoty medal. Powetował to sobie wieloma medalami najważniejszych imprez w kolejnych latach. Bartosz Kurek
77%
Najlepszy polski biathlonista w historii, jako jedyny ma na koncie medal olimpijski w tej dyscyplinie sportu. Tomasz Sikora
74%
Jest jednym z sześciu zawodników w historii Mistrzostw Europy w koszykówce, który zanotował triple-double. Mateusz Ponitka
64%
Medalistka Igrzysk Olimpijskich oraz Mistrzostw Świata w skoku o tyczce - wraz z Moniką Pyrek przez lata stanowiła o sile Polski w tej konkurencji lekkoatletycznej. Anna Rogowska
62%
Najlepsza Polka w narciarstwie alpejskim w XXI wieku. Nie ma jednak na koncie podium w zawodach Pucharu Świata. Maryna Gąsienica-Daniel
56%
Największe tenisowe sukcesy odnosił w deblu, ale ma również na koncie ćwierćfinał Wimbledonu w grze pojedynczej - przegrany z rodakiem. Łukasz Kubot
49%
Wystąpił na piłkarskim Mundialu w 2018 roku, zaliczył nawet asystę w meczu przeciwko Japonii. Ostatecznie rozegrał jednak tylko 7 spotkań w reprezentacji Polski. Rafał Kurzawa
33%
Na Igrzyskach w Londynie w 2012 roku zdobyła medal w pierwszej zakończonej konkurencji - jednocześnie jest to ostatni medal dla Polski w jej dyscyplinie sportu. Sylwia Bogacka
13%
Urodzona w Niemczech, jako pierwsza reprezentowała Polskę w konkurencji monobobów podczas Igrzysk Olimpijskich. Linda Weiszewski
10%
W 2007 i 2009 roku zdobyła medale Mistrzostw Świata w konkurencji zimowej, w której obecnie Polska nie ma zawodników na najwyższym poziomie. Jej dwaj kuzyni również reprezentowali Polskę na światowych arenach. Paulina Ligocka
10%
W 2001 roku zdobył swój pierwszy medal Mistrzostw Świata w windsurfingu, w późniejszych latach dołożył 6 kolejnych. W 2012 uzupełnił tę kolekcję o medal Igrzysk Olimpijskich. Przemysław Miarczyński
10%
Wraz z Konradem Wasielewskim, Markiem Kolbowiczem i Adamem Korolem zdominował wioślarskie czwórki podwójne w latach 2005-2010. Michał Jeliński
5%
Pierwszy Polak, który wygrał etap Vuelta a España. Był również 6. w klasyfikacji końcowej Giro d'Italia. Przemysław Niemiec
3%
Dwukrotna olimpijka (2008, 2012) w gimnastyce artystycznej, lepszy wynik to 9. miejsce w 2012 roku. Joanna Mitrosz
0%
Ma na koncie 16 medali Mistrzostw Świata, w tym wiele w konkurencjach olimpijskich. Mimo tego nie zdobył żadnego medalu Igrzysk, a jego najlepszy wynik na tej imprezie to 4. miejsce. Marek Twardowski
0%
W 2006 roku została Mistrzynią Świata w pięcioboju nowoczesnym. Dwa lata później, w wieku 27 lat, zakończyła karierę. Marta Dziadura
0%
Nie znaleziono quizów pasujących do podanych kryteriów
Rozkład punktacji
Procent ludzi z każdym wynikiem
Percentyl według liczby udzielonych odpowiedzi
Twoja historia wyników
Nie rozwiązałeś tego quizu